Southville International School and Colleges
Your cart is empty.
  • Cart
  • Lists
    Public lists Eva Luna New books Lux_list list_1
    Your lists Log in to create your own lists
  • Log in to your account
  • Your cookies
  • Search history
Southville International School and Colleges
  • Advanced search
  • Recent comments
  • Most popular
  • Libraries

Log in to your account

Log in with GOOGLE


If you do not have an external account, but do have a local account, you can still log in:

  1. Home
  2. MARC view: Concepts of programming languages /
Normal view MARC view ISBD view

Concepts of programming languages / (Record no. 16285)

[ view plain ]
MARC details
000 -LEADER
fixed length control field 00965pam a2200301 a 4500
001 - CONTROL NUMBER
control field 4507050
003 - CONTROL NUMBER IDENTIFIER
control field OSt
005 - DATE AND TIME OF LATEST TRANSACTION
control field 20140310182816.0
008 - FIXED-LENGTH DATA ELEMENTS--GENERAL INFORMATION
fixed length control field 980618s1999 mau b 001 0 eng
010 ## - LIBRARY OF CONGRESS CONTROL NUMBER
LC control number 98027193
020 ## - INTERNATIONAL STANDARD BOOK NUMBER
International Standard Book Number 0201526425
040 ## - CATALOGING SOURCE
Original cataloging agency DLC
Transcribing agency DLC
050 00 - LIBRARY OF CONGRESS CALL NUMBER
Classification number QA 76.7
Item number .Se43 1999
100 1# - MAIN ENTRY--PERSONAL NAME
Personal name Sebesta, Robert W.
245 10 - TITLE STATEMENT
Title Concepts of programming languages /
Statement of responsibility, etc Robert W. Sebesta.
250 ## - EDITION STATEMENT
Edition statement 4th ed.
260 ## - PUBLICATION, DISTRIBUTION, ETC. (IMPRINT)
Place of publication, distribution, etc Reading, Mass. :
Name of publisher, distributor, etc Addison-Wesley,
Date of publication, distribution, etc 1999.
300 ## - PHYSICAL DESCRIPTION
Extent xv, 670 p. ;
Dimensions 24 cm.
Other physical details ill. ;
504 ## - BIBLIOGRAPHY, ETC. NOTE
Bibliography, etc Includes bibliographical references (p. 641-651) and index.
521 ## - TARGET AUDIENCE NOTE
Target audience note
526 ## - STUDY PROGRAM INFORMATION NOTE
Reading level 1210L-1700L
650 #0 - SUBJECT ADDED ENTRY--TOPICAL TERM
Topical term or geographic name as entry element Programming languages (Electronic computers)
906 ## - LOCAL DATA ELEMENT F, LDF (RLIN)
a 7
b cbc
c orignew
d 1
e ocip
f 19
g y-gencatlg
942 ## - ADDED ENTRY ELEMENTS (KOHA)
Source of classification or shelving scheme Library of Congress Classification
Koha item type Books
Call number prefix Foreign
Holdings
Withdrawn status Lost status Source of classification or shelving scheme Damaged status Home library Current library Shelving location Date acquired Total Checkouts Full call number Barcode Date last seen Copy number Price effective from Koha item type
    Library of Congress Classification   College Library College Library General Circulation Section 02/28/2013   QA 76.7 .Se43 1999 C0311 05/15/2018 1 02/28/2013 Books
    Library of Congress Classification   College Library College Library General Circulation Section 12/02/2013   QA 76.7 .Se43 1999 C4430 05/15/2018 1 12/02/2013 Books

Concepts of programming languages /

APA

Sebesta R. W., . (1999). Concepts of programming languages. Reading, Mass: Addison-Wesley.

Chicago

Sebesta Robert W, . 1999. Concepts of programming languages. Reading, Mass: Addison-Wesley.

Harvard

Sebesta R. W., . (1999). Concepts of programming languages. Reading, Mass: Addison-Wesley.

MLA

Sebesta Robert W, . Concepts of programming languages. Reading, Mass: Addison-Wesley. 1999.

  • Place hold
  • Print
  • Cite
  • Add to your cart (remove)
  • Save record
    BIBTEX Dublin Core MARCXML MARC (non-Unicode/MARC-8) MARC (Unicode/UTF-8) MARC (Unicode/UTF-8, Standard) MODS (XML) RIS
  • More searches
    Search for this title in:
    Other Libraries (WorldCat) Other Databases (Google Scholar) Online Stores (Bookfinder.com) Open Library (openlibrary.org)

Exporting to Dublin Core...

SOUTHVILLE LIBRARY

Southville International School and Colleges Library

1281 Tropical Ave. Cor. Luxembourg St., BF Homes International, Las Pinas City

Tel. No. 8256374 / 252358 Loc. 117/146

Powered by Koha